000 00523nam a2200193Ia 4500
005 20260122095521.0
008 260121s9999||||xx |||||||||||||| ||und||
020 _a9781032106397
082 _a200.9
_bSTE
100 _aSteadman, Sharon R.
245 0 _aArchaeology of religion :
_bcultures and their beliefs in worldwide context /
250 _a2nd ed.
260 _aLondon :
_bRoutledge,
_c2024.
300 _axxiii, 435 p.; pbk
650 _aArchaeology
650 _aCultures
650 _aReligion
942 _cTB
999 _c48558
_d48558